000 00802nam a22001577a 4500
005 20260127151655.0
008 230718b ||||| |||| 00| 0 eng d
040 _cSSBUL
_dSSBUL
082 _223
_a၃၂၈.၅၉၁ ပြည် ၁၆၀၆၉ (S-SAT)
245 0 0 _aပြည်သူ့လွှတ်တော်ကိုယ်စားလှယ်များ၏ ဆွေးနွေးတင်ပြချက်များနှင့် စပ်လျဉ်း၍... /
260 _c၁၉၈၅။
300 _a၁၇၄ စာမျက်နှာ၊
_bဇယားများ၊
_c၂၄ စင်တီ။
500 _aS-SAT: Dr. Prof Sai Aung Tun
650 _aမြန်မာနိုင်ငံ ပြည်သူ့လွှတ်တော်။
_928092
942 _2ddc
_cBK1
999 _c27304
_d27304